00892nam a2200241 a 450000100060000000300080000600500170001400800410003103500200007204000270009204100080011908200240012710000400015124501100019126000360030130000310033749000420036850001260041050400300053665000220056665000200058885600420060867892BD-RjUL20211209081714.0170329s1968 maua b 001 0 eng d a(BD-RjUL) 68101 aDLCcDLCdBD-RjULbeng aeng00223a571.2bSTG 19681 aSteward, F. C.q(Frederick Campion)10aGrowth and organization in plants:bstructure, development, metabolism, physiology /c[by] F. C. Steward. aLondon :bAddison-Wesleycc1968 axi, 564 p.bill. ;c24 cm.0 aAddison-Wesley series in life science a"Essays first organized for Summer Institutes of Botanical Society of America and ... delivered as a series of lectures." aBibliography: p. 517-548. 0aPlant physiology. 0aGrowth (Plants) 3Addison-Wesley series in life science